Statistics for Kevin James Movies

Click here to take the quiz!

General Stats

  • This quiz has been taken 9 times
  • The average score is 6 of 15

Answer Stats

Release YearCostarsMovie% Correct
2010Adam Sandler, Salma HayekGrown Ups
100%
2005Will Smith, Eva MendesHitch
75%
2009Jayma Mays, Shirley KnightPaul Blart: Mall Cop
63%
2007Adam Sandler, Jessica BielI Now Pronounce You Chuck and Larry
50%
2015Adam Sandler, Peter DinklagePixels
50%
2017Adam Sandler, Jennifer HudsonSandy Wexler
38%
2011Rosario Dawson, Sylvester StalloneZookeeper
38%
2006Danny Glover, Sam ElliottBarnyard
25%
2020Lulu Wilson, Robert MailletBecky
25%
2012Salma Hayek, Gary ValentineHere Comes the Boom
25%
2012Andy Samberg, Selena GomezHotel Transylvania
25%
2020Adam Sandler, Steve BuscemiHubie Halloween
25%
2006Steve Buscemi, Maggie GyllenhaalMonster House
13%
2011Vince Vaughn, Winona RyderThe Dilemma
13%
2016Kim Coates, Andy GarciaTrue Memoirs of an International Assassin
13%

Score Distribution

Percentile by Number Answered

Percent of People with Each Score

Your Score History

You have not taken this quiz